Proyecto de presupuesto ordinario para el ejercicio de 1924-1925, que se somete a la aprobacion de la Asamblea / Mancomunidad de Cataluña
Descripción Física:
150 p. ; 23 cm
MARC
| LEADER | 00000nam a2200000Ia 4500 | ||
|---|---|---|---|
| 001 | 509 | ||
| 008 | 160829s1924 xx 000 0 cat d | ||
| 080 | |a M-3-167, DUP-155 | ||
| 110 | 2 | |a Catalunya. |b Mancomunitat |9 53015 | |
| 245 | |a Proyecto de presupuesto ordinario para el ejercicio de 1924-1925, que se somete a la aprobacion de la Asamblea / Mancomunidad de Cataluña | ||
| 260 | |a Barcelona : |b (Imp. de la Casa Prov. de Caridad), |c 1924 | ||
| 300 | |a 150 p. ; |c 23 cm | ||
| 590 | |a Hi ha un duplicat (R. 510) | ||
| 610 | 1 | 0 | |a Catalunya. |b Mancomunitat |x Assignacions pressupostàries i despeses |9 55730 |
| 856 | 4 | |u https://media.diba.cat/diba/fitxers/arxiu/mancomunitat/bib_509_1924_1925_baixa.pdf |y Accés lliure | |
| 901 | |a Arxiu | ||
| 942 | |n 1 |2 udc | ||
| 952 | |0 0 |1 0 |4 0 |6 M3167_DUP155 |7 1 |9 41547 |a Arxiu |b Arxiu |d 2016-12-01 |l 0 |o M-3-167, DUP-155 |p 509 |r 2016-12-01 00:00:00 |w 2016-12-01 |y ARXIU | ||
| 999 | |c 43437 |d 43437 | ||
| 900 | |a bib_509_1924_1925_baixa.pdf | ||